000 00318 a2200145 4500
245 _aAll of Egypt
_hText
020 _a8880290355
250 _a2nd ed Revised
100 _aBonechi
650 _aAfrican Archaeology
650 _aEGYPTIAN HISTORY
005 20191021095533.0
260 _bBonechi
084 _aNONE
999 _c12362
_d12362